|
|
|
|
| LEADER |
03771nam a2200565 4500 |
| 001 |
978-3-319-79066-4 |
| 003 |
DE-He213 |
| 005 |
20191026161849.0 |
| 007 |
cr nn 008mamaa |
| 008 |
180605s2018 gw | s |||| 0|eng d |
| 020 |
|
|
|a 9783319790664
|9 978-3-319-79066-4
|
| 024 |
7 |
|
|a 10.1007/978-3-319-79066-4
|2 doi
|
| 040 |
|
|
|d GrThAP
|
| 050 |
|
4 |
|a HM621-656
|
| 072 |
|
7 |
|a JFSR
|2 bicssc
|
| 072 |
|
7 |
|a SOC039000
|2 bisacsh
|
| 072 |
|
7 |
|a JBSR
|2 thema
|
| 082 |
0 |
4 |
|a 306
|2 23
|
| 100 |
1 |
|
|a Campbell, Colin.
|e author.
|4 aut
|4 http://id.loc.gov/vocabulary/relators/aut
|
| 245 |
1 |
4 |
|a The Romantic Ethic and the Spirit of Modern Consumerism
|h [electronic resource] :
|b New Extended Edition /
|c by Colin Campbell.
|
| 250 |
|
|
|a 2nd ed. 2018.
|
| 264 |
|
1 |
|a Cham :
|b Springer International Publishing :
|b Imprint: Palgrave Macmillan,
|c 2018.
|
| 300 |
|
|
|a XII, 384 p.
|b online resource.
|
| 336 |
|
|
|a text
|b txt
|2 rdacontent
|
| 337 |
|
|
|a computer
|b c
|2 rdamedia
|
| 338 |
|
|
|a online resource
|b cr
|2 rdacarrier
|
| 347 |
|
|
|a text file
|b PDF
|2 rda
|
| 490 |
1 |
|
|a Cultural Sociology
|
| 505 |
0 |
|
|a 1. Introduction -- 2. The Spirit of Modern Consumerism -- 3. Accounting for the Consumer Revolution in Eighteenth Century England -- 4. The Puzzle of Modern Consumerism -- 5. Traditional and Modern Hedonism -- 6. Modern Autonomous Imaginative Hedonism -- 7. The Romantic Ethic -- 8. The Other Protestant Ethic -- 9. The Ethic of Feeling -- 10. The Aristocratic Ethic -- 11. The Romantic Ethic -- 12. Conclusion.
|
| 520 |
|
|
|a Originally published in 1987, Colin Campbell's classic treatise on the sociology of consumption has become one of the most widely cited texts in sociology, anthropology, cultural studies, and the history of ideas. In the thirty years since its publication, The Romantic Ethic and the Spirit of Modern Consumerism has lost none of its impact. If anything, the growing commodification of society, the increased attention to consumer studies and marketing, and the ever-proliferating range of purchasable goods and services have made Campbell's rereading of Weber more urgent still. As Campbell uncovers how and why a consumer-oriented society emerged from a Europe that once embodied Weber's Protestant ethic, he delivers a rich theorization of the modern logics and values structuring consumer behavior. This new edition, featuring an extended Introduction from the author and an Afterword from researcher Karin M. Ekström, makes clear how this foundational work aligns with contemporary theory in cultural sociology, while also serving as major influence on consumer studies.
|
| 650 |
|
0 |
|a Culture.
|
| 650 |
|
0 |
|a Cultural studies.
|
| 650 |
|
0 |
|a Sociology.
|
| 650 |
|
0 |
|a Idealism, German.
|
| 650 |
|
0 |
|a Motivation research (Marketing).
|
| 650 |
|
0 |
|a Psychology.
|
| 650 |
1 |
4 |
|a Sociology of Culture.
|0 http://scigraph.springernature.com/things/product-market-codes/X22100
|
| 650 |
2 |
4 |
|a Cultural Studies.
|0 http://scigraph.springernature.com/things/product-market-codes/X22040
|
| 650 |
2 |
4 |
|a Sociological Theory.
|0 http://scigraph.springernature.com/things/product-market-codes/X22060
|
| 650 |
2 |
4 |
|a German Idealism.
|0 http://scigraph.springernature.com/things/product-market-codes/E44040
|
| 650 |
2 |
4 |
|a Consumer Behavior.
|0 http://scigraph.springernature.com/things/product-market-codes/513060
|
| 650 |
2 |
4 |
|a General Psychology.
|0 http://scigraph.springernature.com/things/product-market-codes/Y20110
|
| 710 |
2 |
|
|a SpringerLink (Online service)
|
| 773 |
0 |
|
|t Springer eBooks
|
| 776 |
0 |
8 |
|i Printed edition:
|z 9783319790657
|
| 776 |
0 |
8 |
|i Printed edition:
|z 9783319790671
|
| 830 |
|
0 |
|a Cultural Sociology
|
| 856 |
4 |
0 |
|u https://doi.org/10.1007/978-3-319-79066-4
|z Full Text via HEAL-Link
|
| 912 |
|
|
|a ZDB-2-SLS
|
| 950 |
|
|
|a Social Sciences (Springer-41176)
|